00543nam a2200205Ia 4500003000400000005001700004008004100021020002200062040000700084041000800091082002100099100005000120245003400170250000600204260004000210300001700250365001700267650002700284650002600311OSt20230518095832.0210423s2012 xx 000 0 und d a978-1-891389-70-2 cAL aeng a363.738 SPIC223 aSPIRO (Thomas J);PURVIS-ROBERTS (Kathleen L). aChemistry of the environment. a3 aUSAbUniversity Science Booksc2012 axxii,615bPB b5688.75cUSD aEnvironmental Problems aOther Social Problems